Ghost-Type Pokemon Moves - Statistics

General Stats
  • This quiz has been taken 760 times
  • The average score is 13 of 18
Answer Stats
Category Description Move % Correct
Special May lower target's Sp Defense -1 Shadow Ball
96%
Status Works differently for Ghost types Curse
92%
Status Confuses target Confuse Ray
89%
Status If user faints, opposing Pokemon also faints Destiny Bond
86%
Physical Priority +1 Shadow Sneak
84%
Physical High critical hit ratio Shadow Claw
82%
Physical May cause paralysis Lick
79%
Status Inflicts damage on a sleeping target every turn Nightmare
78%
Special x2 damage if target is statused Hex
75%
Special Inflicts damage matching the user's level Night Shade
71%
Physical Always hits Shadow Punch
70%
Status Cuts 4 PP from target's last move Spite
70%
Physical Giratina's signature move Shadow Force
66%
Status Pumpkaboo's/Gourgeist's signature move Trick-or-Treat
65%
Special May increase all of user's stats +1 Ominous Wind
63%
Physical Breaks through Protect and Detect Phantom Force
60%
Physical May cause flinch Astonish
54%
Status If user faints, target's PP of its last move depleted Grudge
48%
No matching quizzes found
Score Distribution
Percent of People with Each Score
Percentile by Number Answered
Your Score History
You have not taken this quiz